| 000 | 02281nam0a2200337 4500 | ||
|---|---|---|---|
| 001 | RU\NLR\bibl\108072 | ||
| 005 | 20260503063926.0 | ||
| 021 |
_aRU _b2000-32703 _91529 |
||
| 035 | _a(NLR Aleph) 000105779 | ||
| 090 |
_a598792 _c598792 |
||
| 100 | _a20000914d2000 |||y0rusy50 ca | ||
| 101 | 0 | _arus | |
| 102 | _aRU | ||
| 105 | _aa ||||||||| | ||
| 200 | 1 |
_aИнструментальные исследования для управления физиологическими параметрами систем организма человека _eУчеб. пособие _e[Для студентов, обучающихся по спец. 190500 "Биотехн. и мед. аппараты и системы"] _fИ.Я. Львович, О.В. Родионов, Е.Д. Федорков и др. _g[Науч. ред. Засл. деят. науки РФ, д.т.н., проф. В.Н. Фролов] _gМ-во образования Рос. Федерации, Воронеж. гос. техн. ун-т, Междунар. ун-т высоких технологий |
|
| 210 |
_aВоронеж _cИзд-во ВГТУ _d2000 |
||
| 215 |
_a174 с. _cил. _d20 |
||
| 320 | _aБиблиогр.: с. 172-173 (21 назв.) | ||
| 606 | 0 |
_aФизиологические исследования _jРуководства, пособия и т.п. _xАппараты и приборы _91870957 _3RU\NLR\auth\661140253 |
|
| 606 | 0 |
_aФизиологические исследования _jУчебные издания для высшей школы _xАппараты и приборы _91870957 _3RU\NLR\auth\661140253 |
|
| 686 | _aЕ903с5я73 | ||
| 701 | 1 |
_aЛьвович _bИ. Я. _gИгорь Яковлевич _4070 |
|
| 701 | 1 |
_4070 _aРодионов _bО. В. _cд-р техн. наук _f1963- _gОлег Валерьевич _3RU\NLR\AUTH\770128195 _9128168 |
|
| 701 | 1 |
_4070 _8rus _7ca _aФедорков _bЕ.Д. _gЕвгений Дмитриевич _3RU\NLR\auth\7718707 _91783 |
|
| 702 | 1 |
_4340 _8rus _7ca _aФролов _bВ. Н. _f1937- _cд-р техн. наук _gВадим Николаевич _3RU\NLR\auth\7727933 _910964 |
|
| 801 | 0 |
_aRU _bNLR _c20000914 _gPSBO |
|
| 801 | 1 |
_aRU _bNLR _c20000914 |
|
| 852 |
_aNLR _j2000-3/9075 |
||
| 942 | _cBOOK | ||
| 980 | _aNB | ||